The political history of China, 1840-1928 / (Record no. 25445)
[ view plain ]
| 000 -LEADER | |
|---|---|
| fixed length control field | 01116nam a22003131 4500 |
| 001 - CONTROL NUMBER | |
| control field | 25445 |
| 003 - CONTROL NUMBER IDENTIFIER | |
| rucl marc code | BD-RjUL |
| 005 - DATE AND TIME OF LATEST TRANSACTION | |
| control field | 20211209050900.0 |
| 008 - FIXED-LENGTH DATA ELEMENTS--GENERAL INFORMATION | |
| fixed length control field | 140318s1956 caub b 001 0 eng d |
| 035 ## - SYSTEM CONTROL NUMBER | |
| System control number | (BD-RjUL)25515 |
| System control number | (OCoLC)00408318 |
| 040 ## - CATALOGING SOURCE | |
| Original cataloging agency | DLC |
| Transcribing agency | DLC |
| Modifying agency | m.c. |
| -- | BD-RjUL |
| Language of cataloging | eng |
| 041 1# - LANGUAGE CODE | |
| Language code of text/sound track or separate title | eng |
| Language code of original | chi |
| 082 04 - DEWEY DECIMAL CLASSIFICATION NUMBER | |
| Edition number | 21 |
| Classification number | 950.4 |
| Author mark and year | CHP 1956 |
| 100 1# - MAIN ENTRY--PERSONAL NAME | |
| Personal name | Chien-Nung, Li. |
| 9 (RLIN) | 78234 |
| 245 14 - TITLE STATEMENT | |
| Title | The political history of China, 1840-1928 / |
| Statement of responsibility, etc. | Li Chien-Nung ; translated and edited by Ssu-yu Teng and Jeremy Ingalls. |
| 260 ## - PUBLICATION, DISTRIBUTION, ETC. (IMPRINT) | |
| Place of publication, distribution, etc. | Stanford, Calif. : |
| Name of publisher, distributor, etc. | Stanford University Press, |
| Date of publication, distribution, etc. | c1956. |
| 300 ## - PHYSICAL DESCRIPTION | |
| Pagination | xii, 545 p. : |
| Illustrations | maps, |
| Size | 22 cm. |
| 504 ## - BIBLIOGRAPHY, ETC. NOTE | |
| Bibliography, etc | Bibliography: p. 515-528. and index. |
| 651 #0 - SUBJECT ADDED ENTRY--GEOGRAPHIC NAME | |
| Geographic name | China |
| General subdivision | Politics and government |
| Chronological subdivision | 19th century. |
| 9 (RLIN) | 78235 |
| Geographic name | China |
| General subdivision | Politics and government |
| Chronological subdivision | 1912-1949. |
| 9 (RLIN) | 78236 |
| Geographic name | China |
| General subdivision | Foreign relations. |
| 9 (RLIN) | 78237 |
| 700 1# - ADDED ENTRY--PERSONAL NAME | |
| Personal name | Teng, Ssu-yu. |
| Dates associated with a name | 1906- |
| Personal name | Ingalls, Jeremy, |
| Dates associated with a name | 1911-2000. |
| 942 ## - ADDED ENTRY ELEMENTS (KOHA) | |
| Source of classification or shelving scheme | Dewey Decimal Classification |
| Koha item type | Books |
| Lost status | Source of classification or shelving scheme | Damaged status | Not for loan | Collection code | Permanent Location | Current Location | Shelving location | Date acquired | Source of acquisition | Cost, normal purchase price | Total Checkouts | Full call number | Date last seen | Copy number | Koha item type |
|---|---|---|---|---|---|---|---|---|---|---|---|---|---|---|---|
| Dewey Decimal Classification | Added to bundle | Non-fiction | Central Library, University of Rajshahi | Central Library, University of Rajshahi | Reading Room | 02/07/1974 | Euro-Bangladesh-News Agency, Dacca. | 43.75 | 950.4 CHP 1956 | 18/03/2014 | C-1 | Books | |||
| Dewey Decimal Classification | Non-fiction | Central Library, University of Rajshahi | Central Library, University of Rajshahi | 18/03/2014 | 950.4 CHP 1963 | 18/03/2014 | C-3 | Books | |||||||
| Dewey Decimal Classification | Non-fiction | Central Library, University of Rajshahi | Central Library, University of Rajshahi | 09/11/1963 | Zitlinger | 45.00 | 950.4 CHP 1956 | 19/03/2014 | C-2 | Books | |||||
| Dewey Decimal Classification | Non-fiction | Central Library, University of Rajshahi | Central Library, University of Rajshahi | 27/12/1968 | Zitlinger | 80.00 | 950.4 CHP 1966 | 19/03/2014 | C-8 | Books | |||||
| Dewey Decimal Classification | Non-fiction | Central Library, University of Rajshahi | Central Library, University of Rajshahi | 27/12/1968 | Zitlinger | 80.00 | 950.4 CHP 1966 | 19/03/2014 | C-10 | Books | |||||
| Dewey Decimal Classification | Non-fiction | Central Library, University of Rajshahi | Central Library, University of Rajshahi | 27/12/1968 | Zitlinger | 80.00 | 950.4 CHP 1966 | 19/03/2014 | C-9 | Books | |||||
| Dewey Decimal Classification | Non-fiction | Central Library, University of Rajshahi | Central Library, University of Rajshahi | 09/05/1967 | American Bitish Agency | 12.50 | 950.4 CHP 1963 | 20/03/2014 | C-4 | Books |